Normal view
MARC view
- McCarney, Patricia L.
Entry Personal Name
001 - CONTROL NUMBER
- control field: 23601
003 - CONTROL NUMBER IDENTIFIER
- control field: NUST
005 - DATE AND TIME OF LATEST TRANSACTION
- control field: 20191014102606.0
008 - FIXED-LENGTH DATA ELEMENTS
- fixed length control field: 191014|| aca||aabn | a|a d
040 ## - CATALOGING SOURCE
- Original cataloging agency: NUST
- Transcribing agency: NUST
100 ## - HEADING--PERSONAL NAME
- Personal name: McCarney, Patricia L.
- Fuller form of name: (Patricia Louise)
670 ## - SOURCE DATA FOUND
- Source citation: Work cat.: (NUST)0: Peri-urban water and sanitation services :, c2010.
